000 01337nam a2200193 a 4500
001 000000037
005 20250526110105.0
008 081127s2000 dr 001 0 spa d
040 _aDO-SdBNP
_bspa
_cBNPHU
082 _a152.41
_bS715a
100 1 _aSosa, José Rafael
_964
245 1 0 _aAprendiendo a expresar el afecto /
_cJosé Rafael Sosa.
260 _aSanto Domingo :
_bItesa,
_c2000.
300 _a126 p. ;
_c22 cm.
505 0 _tUna advertencia --
_tExpresar el afecto: ¿cómo hacerlo? --
_tSobre la costra afectiva --
_tSi quieres saber cómo es una persona, viaja con ella --
_tEl cristianismo de los "ocupados" --
_tEl cristianismo de la comodidad --
_tAfectividad en las mujeres casadas --
_tLa vida bústica --
_tAfectividad y controles afectivos en el matrimonio --
_tLlegar el tiempo de expresarse --
_tEl día internacional del sapito verde --
_tTomar las manos y acercar las almas --
_tAmistades hasta el primer favor --
_tUn beeper bien extraño --
_tElla está enferma...¿por qué abandonarla? --
_t¡No al truño! --
_tExpresividad.com --
_tSalgo seguido --
_t¿Por qué me miran de ese modo cuando proclamo a todo pulmón que "¡estoy requete bien!" ? --
_t¡Ay ... pero estabas perdido !! --
_tOración de los afectos.
650 0 _aEmociones
_9156
650 4 _aAfecto (psicología)
_9157
910 _aValidado. Control de calidad BNPHU
999 _c37
_d37